000 00551nam a2200181Ia 4500
003 GCL
008 140319s9999 xx 000 0 ara d
040 _aGCL /
_cGCL
082 0 4 _a025.52
_bح خ
100 1 _aمحمد محمود رضوان
245 1 0 _aالخدمة المكتبية فى المدرسة الابتدائية /
_cمحمد محمود رضوان
300 _a313 ص
490 _a
650 0 4 _aالخدمة المكتبية
650 0 4 _aالمكتبات، علم
650 0 4 _aالمكتبة المدرسية
942 _2ddc
_cBK
999 _c46204
_d46204